00463nam a2200181 a 4500001001300000003000900013005001700022008004100039020002400080082001600104100001500120245002000135260003600155300000900191500003500200505001000235650003600245nice12345678IN_TiNIC20260116013217.0050524s1994 lona grp 000 0 eng  a1855679 c214500a291.82bHOL aHolm, Jean aSacred Writings aLondonbPinter Publisher c1994 a201p aincludes index and biblioraphy2 aIndex aComparative Religion-Scriptures